000
00317nam a2200133Ia 4500
008
240624s9999 xx 000 0 und d
041
_a
eng
082
_a
920 MEN
100
_a
MENON SURESH
245
_a
BISHAN PORTRAIT OF A CRICKETER
260
_c
2011
_a
New Delhi
_b
Penguin
300
_a
256 : p.
365
_c
RS
_b
25
999
_c
18271
_d
18271